000 00685cam a22002292 4500
001 0000019404
005 20151217152154.0
008 101115s xx 000 0 eng d
020 _a0521728140 (pbl) :
020 _a0521899291 (hk)
040 _aKABU
_cKABU
100 1 _aShaw, Malcolm N.
_@0000179674
245 1 0 _aInternational law /
_cMalcolm N. Shaw.
250 _a6th ed.
260 _aCambridge :
_bC. U. P.,
_c2008.
300 _aclxvi, 1542 p.
650 0 _aInternational law.
_@0000158696
852 1 _9p3900 KES
852 1 _9p3900 KES
908 _a101115
950 _@1
999 _c8953
_d8953